Municipal waste rising but landfilled proportion falling (Record no. 70453)

MARC details
000 -LEADER
fixed length control field 00980cam a2200217 4500
001 - CONTROL NUMBER
control field WB3821-25
008 - FIXED-LENGTH DATA ELEMENTS--GENERAL INFORMATION
fixed length control field 020611n2002 000 0 eng u
035 ## - SYSTEM CONTROL NUMBER
System control number (Sirsi) u118360
245 ## - TITLE STATEMENT
Title Municipal waste rising but landfilled proportion falling
260 ## - PUBLICATION, DISTRIBUTION, ETC.
Date of publication, distribution, etc. 2002
490 ## - SERIES STATEMENT
Series statement Environment Information Bulletin
Volume/sequential designation (120) June 2002 5(1)
520 ## - SUMMARY, ETC.
Summary, etc. The most recent municipal waste management survey based on information from local authorities shows a continuing increase in waste produced largely from households. Landfilled waste is decreasing with concomitant increase in recycling, composting and incineration with energy recovery. Survey results available at http://www.defra.gov.uk/environment/statistics/des/waste/bulletin/index.htm
590 ## - LOCAL NOTE (RLIN)
Local note WB
650 ## - SUBJECT ADDED ENTRY--TOPICAL TERM
Topical term or geographic name entry element MUNICIPAL WASTE
650 ## - SUBJECT ADDED ENTRY--TOPICAL TERM
Topical term or geographic name entry element LANDFILL
650 ## - SUBJECT ADDED ENTRY--TOPICAL TERM
Topical term or geographic name entry element RECYCLING
650 ## - SUBJECT ADDED ENTRY--TOPICAL TERM
Topical term or geographic name entry element COMPOSTING
650 ## - SUBJECT ADDED ENTRY--TOPICAL TERM
Topical term or geographic name entry element INCINERATION
690 ## - LOCAL SUBJECT ADDED ENTRY--TOPICAL TERM (OCLC, RLIN)
Topical term or geographic name as entry element ENVIRONMENTAL AND LAND CONSULTANCY-WASTE MANAGEMENT
942 ## - ADDED ENTRY ELEMENTS (KOHA)
Suppress in OPAC 0
Holdings
Withdrawn status Lost status Source of classification or shelving scheme Damaged status Not for loan Home library Current library Shelving location Date acquired Total Checkouts Full call number Barcode Date last seen Copy number Price effective from Koha item type
    Dewey Decimal Classification     London London News article 11/06/2002   WB3821-25 118360-1001 06/08/2019 1 06/08/2019 News article